| 000 | 00617nam a2200121Ia 4500 | ||
|---|---|---|---|
| 008 | 220615s9999||||xx |||||||||||||| ||und|| | ||
| 100 | _aTuriman, Punia||Najah Ellias, Nurun||Mikulec, Borut||Howells, Alexander||Mihajlovic, Dubravka||Douglas, Miriam | ||
| 245 | 0 | _aChapter National Qualifications Frameworks as A Policy Instrument for Lifelong Learning in Ghana, Malaysia and Serbia | |
| 546 | _aEnglish[eng] | ||
| 650 | _aGhana||lifelong learning||Malaysia||qualifications frameworks||recognition of prior learning||Serbia | ||
| 856 | _uhttps://library.oapen.org/bitstream/20.500.12657/56171/1/14712.pdf | ||
| 942 | _cEB | ||
| 999 |
_c11633 _d11633 |
||